000 00820nam a2200265Ia 4500
003 OSt
005 20220927105241.0
006 a|||||r|||| 00| 0
007 ta
008 220926b |||||||| |||| 00| 0 eng d
020 _c3690.39
024 _a142761
037 _b"SBD/8238, 19/12/2000,"
_cReference Collections
040 _aRTL
_cRTL
_beng
041 _2eng
_aeng
082 _a"X:51.1.N9, N9/RR"
100 _aCavusgil S T Ed.
_9371272
245 0 _aAdvances International Marketing Interntional & Pur
260 _aStanford
_bJai Press Inc
_c1999
300 _a339p
_ccm.
490 _vVol.9
700 _a Ghauri P N
_9371273
942 _h"X:51.1.N9, N9/RR"
_cCC
999 _c691493
_d691493